[Event "FRA-chT4 0809"]
[Site "France "]
[Date "2009.03.15"]
[Round "6"]
[White "Oriot, Patrice"]
[Black "Labat, Jory"]
[Result "0-1"]
[WhiteElo "1966"]
[BlackElo "1886"]
[PlyCount "96"]
[EventDate "2008.10.??"]
[EventType "team-tourn"]
[EventRounds "9"]
[EventCountry "FRA"]
[SourceTitle "EXT 2010"]
[Source "ChessBase"]
[SourceDate "2010.11.25"]
[SourceVersion "1"]
[SourceVersionDate "2010.11.25"]
[SourceQuality "1"]

1. e4 e6 2. d4 d5 3. e5 c5 4. Nf3 Bd7 5. Bd3 Nc6 6. 0-0 Qb6 7. a3 c4 8. Be2 Nh6 9. b3 cxb3 10. cxb3 Na5 11. b4 Nc4 12. Bxc4 dxc4 13. Nc3 a5 14. b5 Nf5 15. Be3 Nxe3 16. fxe3 Be7 17. Nd2 Rc8 18. Qh5 0-0 19. Rf3 f5 20. Rh3 h6 21. Rg3 Bg5 22. Rxg5 hxg5 23. Nf3 Be8 24. Qxg5 f4 25. e4 Rd8 26. Rd1 Bxb5 27. Qh4 Be8 28. Rb1 Qc7 29. Ng5 Bg6 30. Nxe6 Qd7 31. d5 f3 32. Nxd8 f2+ 33. Kf1 Rxd8 34. e6 Qc8 35. Qe7 Re8 36. Qxb7 Qc5 37. Qb2 Qe3 38. Qc2 Qh6 39. h3 Qf4 40. Qxf2 Qh2 41. Ke2 Rf8 42. Qg1 Qg3 43. Nd1 Bh5+ 44. Kd2 Qd3+ 45. Kc1 Rf1 46. Qxf1 Qxf1 47. Rb8+ Kh7 48. g4 Qf4+ 0-1